000 00837nas a2200253 454500
001 45985
005 20260407193511.0
008 260407s2005####ag###########|||spa#d
003 AR-UNSa-BCEJYS
040 _aAR-UNSa-BCEJYS
_bspa
_cAR-UNSa-BCEJYS
080 _a338.124
_xRetroceso de la actividad económica. Contracción económica (Pobreza...)
245 1 0 _aPoverty in focus
264 1 _aBrasilia :
_bIPC (International Poverty Centre)
_c2005
310 _aFrecuencia: Irregular
041 _aspa
942 _cSER
590 _aniveau_biblio:s niveau_hierar:1
100 1 _aInternational Poverty Centre (IPC)
700 1 _aEhrenpreis, Dag
650 _aPobreza
650 _aPolítica económica
650 _aECONOMIA
856 4 1 _uhttps://www.biblioeco.unsa.edu.ar/pmb/images/revistas/R21824.jpg
_yImagen de portada
_qimage/jpeg
999 _c8941
_d8941